<?xml version="1.0" encoding="UTF-8"?>
<collection xmlns:xsi="http://www.w3.org/2001/XMLSchema-instance" xsi:schemaLocation="http://www.loc.gov/MARC21/slim http://www.loc.gov/standards/marcxml/schema/MARC21slim.xsd" xmlns="http://www.loc.gov/MARC21/slim">
 <record>
  <leader>00000cmm a22000004a 4500</leader>
  <controlfield tag="001">UP-99796217611254843</controlfield>
  <controlfield tag="003">Buklod</controlfield>
  <controlfield tag="005">20140506100108.0</controlfield>
  <controlfield tag="006">m    go  j        </controlfield>
  <controlfield tag="007">cr |n |||auu|a</controlfield>
  <controlfield tag="008">110322s2011    xxu        u        eng d</controlfield>
  <datafield tag="020" ind1=" " ind2=" ">
   <subfield code="a">9781441971364 (eBook)</subfield>
  </datafield>
  <datafield tag="020" ind1=" " ind2=" ">
   <subfield code="a">144197136X (eBook)</subfield>
  </datafield>
  <datafield tag="035" ind1=" " ind2=" ">
   <subfield code="a">(iLib)UPD-00215705885</subfield>
  </datafield>
  <datafield tag="040" ind1=" " ind2=" ">
   <subfield code="a">DML</subfield>
  </datafield>
  <datafield tag="041" ind1="0" ind2=" ">
   <subfield code="a">eng</subfield>
  </datafield>
  <datafield tag="042" ind1=" " ind2=" ">
   <subfield code="a">DMLUC</subfield>
  </datafield>
  <datafield tag="084" ind1=" " ind2=" ">
   <subfield code="a">RA 418.3 U6</subfield>
   <subfield code="b">H43 2011eb</subfield>
  </datafield>
  <datafield tag="245" ind1="0" ind2="0">
   <subfield code="a">Healthcare disparities at the crossroads with healthcare reform</subfield>
   <subfield code="h">[electronic resource]</subfield>
   <subfield code="c">edited by Richard Allen Williams.</subfield>
  </datafield>
  <datafield tag="264" ind1=" " ind2="1">
   <subfield code="a">New York</subfield>
   <subfield code="b">Springer</subfield>
   <subfield code="c">c2011.</subfield>
  </datafield>
  <datafield tag="300" ind1=" " ind2=" ">
   <subfield code="a">1 online resource (xxxii, 445 p.)</subfield>
  </datafield>
  <datafield tag="505" ind1="0" ind2=" ">
   <subfield code="a">Introduction: An Overview of the US Healthcare System and US Health Disparities at the Beginning of the Twenty-First Century -- Historical Perspectives of Healthcare Disparities: Is the Past Prologue? -- Epidemiologic Profiles of Racial and Ethnic Disparities in Health and Health Care -- Cultural Diversity in Medicine: Health Status of Racial and Ethnic Minorities -- Perspective: Health Care and the Politics of Race -- Perspective: The Spectrum of Health-care Disparities in the USA -- Perspective: Barriers to Eliminating Disparities in Clinical Practice -- Lessons from the IOM Report &quot;Unequal Treatment&quot; -- Perspective: Second-Class Medicine -- Implications of Evidence-Based Medicine for Improving Minority Access to Health Care -- Perspective: The Compelling Need for Health Literacy -- The Good, the Bad, and the Ugly: Overview of the Health Reform Law and Its Impact on Health-Care Disparities -- The Diversity Benefit: How Does Diversity Among Health Professionals Address Public Needs? -- The Role of Communities in Eliminating Health Disparities: Getting Down to the Grass Roots.</subfield>
  </datafield>
  <datafield tag="505" ind1="0" ind2=" ">
   <subfield code="a">The Potential Impact of Performance Incentive Programs on Racial Disparities in Health Care -- Eliminating Disparities in Health Care Through Quality Improvement -- Monitoring Socioeconomic Determinants for Healthcare Disparities: Tools from the Public Health Disparities Geocoding Project -- Perspective: Title VI, Healthcare Reform, and the Need for a State Antidiscrimination Law -- Quality of Care and Health Disparities: The Evolving Role of the Government -- The Association of Black Cardiologists: A Small-Group Success Story in Addressing Healthcare Disparities -- Breathing Easier in Seattle: Addressing Asthma Disparities Through Healthier Housing -- Breast and Prostate Cancer Healthcare Disparities -- The Role of Health IT in Eliminating Health Disparities -- Remote Area Medicalª: Pioneers of No-Cost Health Care -- Principles for Eliminating Racial and Ethnic Disparities in Health Care Under Healthcare Reform.</subfield>
  </datafield>
  <datafield tag="506" ind1=" " ind2=" ">
   <subfield code="a">IP-based subscription, access limited to within on-campus computer network. Access via Electronic Resources of the UPD University Library Website.</subfield>
  </datafield>
  <datafield tag="520" ind1=" " ind2=" ">
   <subfield code="a">Building upon the success of Dr. Williams's widely influential book Eliminating Healthcare Disparities in America: Beyond the IOM Report, this new volume takes a fresh and timely look at the state of healthcare reform and the progress and problems we face in the pursuit of healthcare equality. This book focuses on how the elimination of disparities can be accomplished through targeted efforts made within the context of reform. Comprising the combined efforts of the nation's best health policy analysts, researchers, key opinion leaders and clinicians, this book addresses both current and impending legislation and future movements in healthcare. With the knowledge that the problem of disparities extends beyond the present political arena into the larger scope of all aspects of healthcare delivery, the authors provide critical analysis of the causation of disparities, insightful examples of what has worked, and a striking call to action with implementable strategies for advancing equality.</subfield>
  </datafield>
  <datafield tag="533" ind1=" " ind2=" ">
   <subfield code="a">Electronic reproduction.</subfield>
   <subfield code="b">New York</subfield>
   <subfield code="c">SpringerLink</subfield>
   <subfield code="d">c2011.</subfield>
   <subfield code="n">Available via World Wide Web through SpringerLink.</subfield>
  </datafield>
  <datafield tag="650" ind1=" " ind2="0">
   <subfield code="a">Health services accessibility</subfield>
   <subfield code="z">United States.</subfield>
  </datafield>
  <datafield tag="650" ind1=" " ind2="0">
   <subfield code="a">Equality</subfield>
   <subfield code="x">Health aspects</subfield>
   <subfield code="z">United States.</subfield>
  </datafield>
  <datafield tag="650" ind1=" " ind2="0">
   <subfield code="a">Medical policy</subfield>
   <subfield code="x">Social aspects</subfield>
   <subfield code="z">United States.</subfield>
  </datafield>
  <datafield tag="650" ind1=" " ind2="0">
   <subfield code="a">Medical care</subfield>
   <subfield code="x">Needs assessment</subfield>
   <subfield code="z">United States.</subfield>
  </datafield>
  <datafield tag="650" ind1=" " ind2="0">
   <subfield code="a">Health care reform</subfield>
   <subfield code="z">United States.</subfield>
  </datafield>
  <datafield tag="650" ind1=" " ind2="0">
   <subfield code="a">Electronic books.</subfield>
  </datafield>
  <datafield tag="700" ind1="1" ind2=" ">
   <subfield code="a">Williams, Richard Allen</subfield>
   <subfield code="d">1936-.</subfield>
  </datafield>
  <datafield tag="710" ind1="2" ind2=" ">
   <subfield code="a">SpringerLink (Online service).</subfield>
  </datafield>
  <datafield tag="856" ind1="4" ind2="0">
   <subfield code="y">Available for the University of the Philippines Diliman via SpringerLink. Click here to access</subfield>
   <subfield code="u">http://dx.doi.org/10.1007/978-1-4419-7136-4</subfield>
  </datafield>
  <datafield tag="905" ind1=" " ind2=" ">
   <subfield code="a">FO</subfield>
  </datafield>
  <datafield tag="950" ind1=" " ind2=" ">
   <subfield code="a">Monograph</subfield>
  </datafield>
  <datafield tag="852" ind1="0" ind2=" ">
   <subfield code="a">UPD</subfield>
   <subfield code="b">DMLR</subfield>
  </datafield>
  <datafield tag="942" ind1=" " ind2=" ">
   <subfield code="a">Electronic Resource</subfield>
  </datafield>
 </record>
</collection>
